000 01470nam a2200397 i 4500
001 8253
003 KOSZ 005
005 20210409135555.0
008 080503s1965 pl a f 000 0 pol
015 _aPB 1965/3080
040 _aWA N
_cWA N
_dKOSZ 005/RW
_dKOSZ 005/HR
046 _k1965
080 _a744:621
080 _a514
080 _a(07)
100 1 _aPolański, Stanisław
_d(1919-1997)
_eAutor
245 1 0 _aGeometria dla konstruktorów /
_cStanisław Polański, Aleksander Kowalewski, Jerzy Daniluk.
260 _aWarszawa :
_bWydawnictwa Naukowo-Techniczne,
_c1965.
300 _a569, [1] s., [3] k. tabl. :
_bil. ;
_c25 cm +
_eWykaz oznaczeń : 1 k.
380 _aKsiążki
388 _a1901-2000
388 _a1945-1989
504 _aBibliogr. s. 569.
521 8 _aDla inżynierów i techników konstruktorów, energetyków, hutników i górników oraz studentów wydziałów mechanicznych, energetycznych, hutniczych i górniczych.
650 4 _aMaszyny
650 4 _aGeometria wykreślna
655 4 _aRysunek techniczny
655 4 _aPodręcznik
658 _aInżynieria i technika
658 _aMatematyka
700 1 _aDaniluk, Jerzy
_eAutor
700 1 _aKowalewski, Aleksander
_eAutor
710 2 _aWydawnictwa Naukowo-Techniczne
_4pbl.
856 _uhttp://koha.tu.koszalin.pl/cgi-bin/koha/opac-detail.pl?biblionumber=8253
_yKatalog online BPK
942 _2UKD
_cKS
999 _c8253
_d8253